Cẩm nang Bonsai

Trong quển sách này, David Prescott không chỉ mang đến cho người đọc những kiến thức sâu rộng về bonsai, mà còn truyền cho bạn niềm cảm hứng đam mê cũng như kỹ thuật chăm sóc và tạo dáng cho tác phẩm nghệ thuật của mình....

Descripción completa

Guardado en:
Detalles Bibliográficos
Autor principal: Prescott, David
Formato: Libro
Lenguaje:Undetermined
Publicado: Hà Nội Mỹ thuật 2006
Materias:
Etiquetas: Agregar Etiqueta
Sin Etiquetas, Sea el primero en etiquetar este registro!
Thư viện lưu trữ: Trung tâm Học liệu Trường Đại học Cần Thơ
LEADER 00885nam a2200205Ia 4500
001 CTU_132313
008 210402s9999 xx 000 0 und d
020 |c 55000 
082 |a 635.9772 
082 |b P929 
100 |a Prescott, David 
245 0 |a Cẩm nang Bonsai 
245 0 |c David Prescott ; Nguyễn Kim Dân dịch 
260 |a Hà Nội 
260 |b Mỹ thuật 
260 |c 2006 
520 |a Trong quển sách này, David Prescott không chỉ mang đến cho người đọc những kiến thức sâu rộng về bonsai, mà còn truyền cho bạn niềm cảm hứng đam mê cũng như kỹ thuật chăm sóc và tạo dáng cho tác phẩm nghệ thuật của mình. 
650 |a Bonsai,Ornamental horiculture,Bon Sai 
904 |i Giang 
980 |a Trung tâm Học liệu Trường Đại học Cần Thơ